Slováci na Zakarpatskej Ukrajine

Bibliographic Details
Main Author: Račáková, Anita, 1973- (Author)
Format: Article
Language:Slovak
Subjects:

MARC

LEADER 00000nab a2200000 a 4500
001 vtls000684030
003 SK-MaSNL
005 20260304093159.0
008 250425c1998 xo 0 slo
015 |a SNBRB1999/02-04578 
035 |a CLN000036197 
035 |a urn:nbn:sk:snk-ab2hhk 
035 |a (urnnbn)urn:nbn:sk:snk:ar-a02ffg 
035 |a (uuid)14c2ffe1-20df-4aa5-8428-a22ffa6a47a2 
040 |a SNKBUCL  |b slo  |c SNKBUCL  |e AACR2 
041 0 |a slo 
044 |a xo  |c SK 
080 |a 947.787(=854)(048)  |2 1997 
080 |a 323.113(=854)(477.87)(091)(048)  |2 1997 
100 1 |a Račáková, Anita,  |d 1973-  |4 aut  |9 253897 
245 1 0 |a Slováci na Zakarpatskej Ukrajine  |c Anita Murgašová 
650 0 7 |a Slováci  |z Zakarpatská Ukrajina (Ukrajina)  |x zborníky  |x recenzie  |2 snkbucl  |9 904417 
655 7 |a články z novín a časopisov  |2 snkbucl  |9 267496 
773 0 |t Slavica slovaca  |g Roč. 33, č. 2 (1998), s. 166-167 
787 0 8 |i Rec.:  |a Čáni, Ladislav  |t Slováci na Zakarpatskej Ukrajine  |d Bratislava : Dom zahraničných Slovákov, 1998  |z 8088841097 
850 |a Slovenská národná knižnica 
852 |a Slovenská národná knižnica 
954 |a odborná, vedecká literatúra pôvodná (slovenská)  |2 lita 
958 |a article27 
958 |a SK 
958 |a UA 
958 |a OND 
958 |a EUIPO 
992 |a RBX 
999 |c 2821989  |d 2823919